Gids Prokureurs Dienste (Record no. 613)

MARC details
000 -LEADER
fixed length control field 00487nam a22001697a 4500
005 - DATE AND TIME OF INPUT
control field 20231114091613.0
008 - DATA ELEMENTS--GENERAL INFORMATION
fixed length control field 231114b |||||||| |||| 00| 0 eng d
020 ## - INTERNATIONAL STANDARD BOOK NUMBER
International Standard Book Number 0409049662
041 ## - LANGUAGE CODE
Language code of text Afrikaans / English
082 ## - SHELF NUMBER
DDC number 345 GID
100 ## - MAIN AUTHOR
Language of a work Afrikaans / English
245 ## - TITLE STATEMENT
Title Gids Prokureurs Dienste
260 ## - PUBLICATION, DISTRIBUTION, ETC.
Place of publication, distribution, etc. Durban :
Name of publisher, distributor, etc. Butterworth-Uitgewers,
Date of publication, distribution, etc. 1984/85
300 ## - PHYSICAL DESCRIPTION
Other physical details 72 pages ;
Dimensions 30,5 cm.
650 ## - SUBJECT`
Broad subject Legal practice
Own subject terms Law
942 ## - ADDED ENTRY ELEMENTS (KOHA)
Item type Books
942 ## - ADDED ENTRY ELEMENTS (KOHA)
-- ALISON_BN_VRIES
Holdings
Source of classification or shelving scheme Not for loan Collection code Home library Current library Shelving location Date acquired Full call number Barcode Price effective from Koha item type
Dewey Decimal Classification   TEXT BOOKS LAW SOCIETY OF NAMIBIA LIBRARY - WINDHOEK LAW SOCIETY OF NAMIBIA LIBRARY - WINDHOEK Criminal law and procedures 11/14/2023 345 GID LSN/1986/25 11/14/2023 Books